000 00772nam a2200241 i 4500
001 bg
100 1 _aGASPARSKI, Wojciech
_d(1936- )
245 1 0 _aDecyzje i etyka w lobbingu i biznesie /
_cWojciech Gasparski.
260 _aWarszawa :
_bWydaw. Wyższej Szkoły Przedsiębiorczości i Zarządzania im. Leona Koźmińskiego,
_c2003.
300 _a182 s. ;
_c22 cm.
504 _aBibliogr.
650 9 _aDecyzje
_xgospodarka
650 9 _aEtyka biznesu
650 9 _aGrupy nacisku
_xzagadnienia
020 _a8389437007
040 _cBPK
041 0 _apol
080 _a65.011:174:316.334.2
920 _a83-89437-00-7
942 _cKS
008 s pl f |000 0 pol
999 _c43422
_d43422
856 _uhttp://koha.tu.koszalin.pl/cgi-bin/koha/opac-detail.pl?biblionumber=43422
_yKatalog online BPK